Dopady globálnej finančnej a hospodárskej krízy na ekonomiku Slovinska diplomová práca

Guardado en:
Detalles Bibliográficos
Autor principal: Bogárová, Monika
Autor Corporativo: Fakulta medzinárodných vzťahov EU. Katedra medzinárodných ekonomických vzťahov a hospodárskej diplomacie
Otros Autores: Hniličan, Vladimír
Formato: Libro
Lenguaje:eslovaco
Publicado: Bratislava 2012
Etiquetas: Agregar Etiqueta
Sin Etiquetas, Sea el primero en etiquetar este registro!

MARC

LEADER 00000nbm a2200000 4500
001 0152319
005 20170111112332.9
041 0 |a slo 
044 |a SK 
245 1 0 |a Dopady globálnej finančnej a hospodárskej krízy na ekonomiku Slovinska  |b diplomová práca  |c Monika Bogárová ; školiteľ: Vladimír Hniličan 
264 1 |a Bratislava  |c 2012 
300 |a 82 s. 
100 1 |a Bogárová, Monika 
700 1 |a Hniličan, Vladimír 
710 2 |a Fakulta medzinárodných vzťahov EU. Katedra medzinárodných ekonomických vzťahov a hospodárskej diplomacie